000
00342nam a22001457a 4500
008
221104b ||||| |||| 00| 0 eng d
020
_a
338544548400240000000000
041
_a
eng
080
_a
616.073
082
_a
616.073 SFO
100
_a
12
101
_a
GENE
245
_a
GENES PEOPLES AND LANDGUAGES
_c
SFORZA L.L
942
_2
udc
_c
BK
999
_c
58747
_d
58747